[Event "Voronezh op-B 22nd"]
[Site "Voronezh"]
[Date "2018.06.12"]
[Round "1"]
[White "Pingin, Artem"]
[Black "Voronin, Yaroslav"]
[Result "1-0"]
[WhiteElo "1967"]
[BlackElo "1684"]
[PlyCount "39"]
[EventDate "2018.06.12"]
[EventType "swiss"]
[EventRounds "9"]
[EventCountry "RUS"]
[SourceTitle "CBM 185 Extra"]
[Source "ChessBase"]
[SourceDate "2018.07.29"]
[SourceVersion "1"]
[SourceVersionDate "2018.07.29"]
[SourceQuality "1"]

1. e4 e6 2. d4 d5 3. Nc3 Bb4 4. e5 c5 5. a3 cxd4 6. axb4 dxc3 7. bxc3 Qc7 8. Qd4 Ne7 9. f4 Nbc6 10. Qd3 0-0 11. Nf3 Bd7 12. Be2 Rfc8 13. 0-0 h6 14. Ng5 g6 15. Qh3 h5 16. Bxh5 Be8 17. Bg4 Nf5 18. Bxf5 exf5 19. Nh7 Rd8 20. Nf6+ 1-0